LS Constituencies of Rajasthan - Statistics

General Stats
  • This quiz has been taken 15 times
  • The average score is 16 of 25
Answer Stats
Answer % Correct
Bikaner
100%
Jaipur
100%
Barmer
92%
Churu
92%
Jodhpur
92%
Ajmer
83%
Alwar
83%
Banswara
83%
Bharatpur
75%
Kota
75%
Bhilwara
67%
Chittorgarh
67%
Pali
67%
Ganganagar
58%
Jaipur Rural
58%
Jalore
58%
Nagaur
58%
Udaipur
58%
Dausa
50%
Jhunjhunu
50%
Rajsamand
50%
Sikar
50%
Jhalawar-Baran
8%
Karauli-Dholpur
0%
Tonk-Sawai Madhopur
0%
No matching quizzes found
Score Distribution
Percent of People with Each Score
Percentile by Number Answered
Your Score History
You have not taken this quiz